000 00553nam a2200169 i 4500
001 129577
003 ES-MaACL
005 20230906193529.0
007 t|
008 070626s1931 sp ||||1| spa d
100 1 _aThompson, T. S. H.
_9110103
245 1 3 _aEl enigma del despertar de China
_b: (pequeño manual de la China contemporánea) /
_cT.S.H. Thompson ; versión española de Fabián Casares.
260 _aBarcelona :
_b[P. Yuste],
_c1931.
300 _a206 p. ;
_c20 cm.
700 1 _aCasares, Fabián.
_936154
852 _aES-MaACL
_jA-382
999 _c129577
_d129577